00782 2200301 4500001002100000005001500021035002000036007000300056040001700059100002800076245004600104250001200150300003000162020002200192041000800214082000800222084001400230090002100244264003400265336002100299337003000320338002300350650001000373850001000383008004100393990002300434990002300457INLIS00000000000875020260518102856 a0010-1022000125ta aSBPUPADbind0 aHarlan CobenePengarang1 aHold Tight :bPegang Erat /cHarlan Coben a.-cet.1 a479 hlm :bilus. ;c14 cm a978-979-075-733-2 aind a813 a813 GOB h a813 GOB h L24-12 a.--Jakarta :bErlangga,c2010 2rdacontentateks 2rdamediaatanpa perantara 2rdacarrieravolume 4aNovel aPUPAD260518 1  a17423/BR-KAPD/2012 a17424/BR-KAPD/2012